Normal view
MARC view
Entry Personal Name
001 - CONTROL NUMBER
- control field: 37683
003 - CONTROL NUMBER IDENTIFIER
- control field: ARRUPE
005 - DATE AND TIME OF LATEST TRANSACTION
- control field: 20171122122216.0
008 - FIXED-LENGTH DATA ELEMENTS
- fixed length control field: 171122|| aca||aabn | a|a d
040 ## - CATALOGING SOURCE
- Original cataloging agency: ARRUPE
- Transcribing agency: ARRUPE
100 ## - HEADING--PERSONAL NAME
- Personal name: Maloney, Clarence (ed.)
670 ## - SOURCE DATA FOUND
- Source citation: Work cat.: (ARRUPE)6147: Maloney, Clarence (ed.), The evil eye, 1976